000 01241nam0a22003011 4500
001 rc\3629993
005 20250610084423.0
021 _aRU
_b[70-52684]
035 _a(NLR Aleph) 007824458
090 _a7754490
_c7754490
100 _a20130115d1970 |||y0rusy50 ca
101 0 _arus
102 _aRU
105 _ay z |||||
200 1 _aУчет капитальных вложений в торговле
_eУчеб. пособие
_f[М-во торговли РСФСР]. Ленингр. ин-т советской торговли им. Ф. Энгельса
210 _a[Ленинград]
_cБ. и.
_d1970
215 _a114 с.
_d20
300 _aПеред загл. авт.: П.В. Мезенцев, М.М. Румянцева, А.П. Тетерина
606 _aТорговля
_xКапитальные вложения
_xУчет
_2psbo
606 _aБухгалтерский учет, торговый
_2psbo
700 1 _aМезенцев
_bП.В.
_gПавел Венедиктович
701 1 _aТетерина
_bА.П.
701 1 _aРумянцева
_bМ.М.
_gМария Михайловна
801 0 _aRU
_bNLR
_gpsbo
801 1 _aRU
_bELAR
_2rusmarc
852 _aNLR
_j70-3/3969
942 _cBOOK
980 _aNB